000 00673nam a2200265Ia 4500
005 20260306164423.0
008 008 260114s9999 xx 000 0 eng d
020 _a9780190926564
037 _aEBOOK
040 _aCRL
040 _beng
040 _cCRL
041 _2eng
041 _aeng
084 _qCRL
100 _aXóchitl Bada, Liliana Rivera-sánchez
_91130689
245 4 _aThe Oxford Handbooks Of The Sociology Of Latin America
260 _bOxford University Press
260 _c2020
650 _aSociology
856 _uhttps://academic.oup.com/edited-volume/34259
942 _cEBOOK
999 _c1714011
_d1714011